Statistics for French - Fruit

Click here to take the quiz!

General Stats

  • This quiz has been taken 179 times
  • The average score is 11 of 14

Answer Stats

FrenchEnglish% Correct
BananeBanana
98%
AbricotApricot
96%
PommeApple
95%
TomateTomato
95%
CitronLemon
92%
FraiseStrawberry
88%
AnanasPineapple
86%
CeriseCherry
82%
RaisinGrape
80%
PrunePlum
78%
PoirePear
76%
FramboiseRaspberry
72%
PamplemousseGrapefruit
47%
CassisBlackcurrant
24%

Score Distribution

Percentile by Number Answered

Percent of People with Each Score

Your Score History

You have not taken this quiz